000 00733nam a2200205 a 4500
001 000007858
003 DO-SdBNP
005 20250603110731.0
008 090911s2004 dr 001 0 spa d
040 _aDO-SdBNP
_bspa
_cBNPHU
082 4 _a657
_bR696c
_222
100 1 _aRodríguez, Antonio S.
_921620
245 1 0 _aGuía práctica para la preparación, análisis y certificación de los estados financieros /
_cAntonio S. Rodríguez.
246 1 4 _aGuía práctica para la preparación, análisis y certificación de los estados financieros
260 _aSanto Domingo :
_bDaihana,
_c2004.
300 _a119 p. :
_bil. ;
_c21 cm.
504 _aIncluye bibliografía : p. 119
650 0 _aContabilidad
_95846
942 _2ddc
_cLBS1
999 _c7636
_d7636